Your market in Japan : Biotechnology equipment

Saved in:
Bibliographic Details
Corporate Author: Japan External Trade Organization
Format: Book
Language:Undetermined
Published: Tokyo JETRO 1990
Subjects:
Tags: Add Tag
No Tags, Be the first to tag this record!
Institutions: Trung tâm Học liệu Trường Đại học Cần Thơ
LEADER 00562nam a2200205Ia 4500
001 CTU_95133
008 210402s9999 xx 000 0 und d
082 |a 338.4 
082 |b J35 
110 |a Japan External Trade Organization 
245 0 |a Your market in Japan : 
245 0 |b Biotechnology equipment 
245 0 |c Japan External Trade Organization 
260 |a Tokyo 
260 |b JETRO 
260 |c 1990 
650 |a Biotechnology,Bioindustry 
650 |z Japan,Japan 
904 |i Năm 
980 |a Trung tâm Học liệu Trường Đại học Cần Thơ